EXO all songs(April 2026 update) - Statistics

General Stats
  • This quiz has been taken 562 times
    41 since last reset
  • The average score is 86 of 210
Answer Stats
Hint Answer % Correct
LOVE SHOT Love Shot
95%
MAMA(EXO-K/EXO-M) MAMA
95%
EXODUS CALL ME BABY
91%
LOTTO Lotto
91%
LOVE ME RIGHT LOVE ME RIGHT
91%
Overdose (EXO-K/ EXO-M) Overdose
91%
DON'T MESS UP MY TEMPO Tempo
91%
EXIST Cream Soda
86%
XOXO (Kiss&Hug) (Repackage) Growl
86%
#2 Prolouge
single (EXO-K/
EXO-M)
History
86%
THE WAR Ko Ko Bop
86%
EX'ACT Monster
86%
OBSESSION Obsession
86%
The Power of Music Power
86%
Universe Universe
86%
DON'T FIGHT THE FEELING Don't fight the feeling
82%
EXODUS EXODUS
82%
XOXO (Kiss&Hug) (Repackage) Lucky
82%
Sing For You Sing For You
82%
XOXO (Kiss&Hug) (Repackage) XOXO
82%
#2 Pre-release (EXIST) Hear Me Out
77%
EX'ACT Lucky One
77%
Miracles in December Miracles in December
77%
XOXO (Kiss&Hug) Peter Pan
77%
THE WAR The Eve
77%
Miracles in December The First Snow
77%
XOXO (Kiss&Hug) Wolf
77%
EXOLOGY chapter 1: The lost planet Wolf - The Legend Begins
77%
XOXO (Kiss&Hug) Black Pearl
73%
THE WAR Going Crazy
73%
Hey Mama! Hey Mama!
73%
Blooming Days Blooming Day
68%
REVERXE Crown
68%
For Life For Life
68%
Prolouge single
(EXO-K/ EXO-M)
What Is Love
68%
XOXO (Kiss&Hug) 3.6.5
64%
REVERXE Back It Up
64%
Coming Over Coming Over
64%
REVERXE Crazy
64%
EXODUS EL DORADO
64%
DON'T MESS UP MY TEMPO Oasis
64%
EXODUS PLAYBOY
64%
What a life What a life
64%
XOXO (Kiss&Hug) Baby
59%
XOXO (Kiss&Hug) Baby, Don't Cry
59%
REVERXE Back Pocket
59%
EXIST Cinderella
59%
XOXO (Kiss&Hug) Don't Go
59%
DON'T MESS UP MY TEMPO Gravity
59%
#1 Pre-release (EXIST) Let Me In
59%
Overdose (EXO-K/ EXO-M) Moonlight
59%
Overdose (EXO-K/ EXO-M) Run
59%
Overdose (EXO-K/ EXO-M) Thunder
59%
EXODUS What If...
59%
1 Billion views 1 Billion views
55%
EX'ACT Artificial Love
55%
XOXO (Kiss&Hug) Heart Attack
55%
OBSESSION Jekyll
55%
EXIST No Makeup
55%
DON'T MESS UP MY TEMPO Ooh La La La
55%
EXIST Private Party
55%
EXODUS TRANSFORMER
55%
EX'ACT White Noise
55%
DON'T MESS UP MY TEMPO 24/7
50%
MAMA(EXO-K/EXO-M) Angel
50%
OBSESSION Butterfly Effect
50%
THE WAR Forever
50%
EX'ACT Heaven
50%
REVERXE I'm Home
50%
Other releases LIGHT​SABER
50%
REVERXE Moonlight Shadows
50%
XOXO (Kiss&Hug) My Lady
50%
LOVE ME RIGHT Promise(EXO2014)
50%
Miracles in December The Star
50%
For Life Twenty Four
50%
OBSESSION Ya Ya Ya
50%
Miracles in December Christmas Day
45%
DON'T MESS UP MY TEMPO Damage
45%
COUNTDOWN Electric Kiss
45%
REVERXE Flatline
45%
Miracles in December My turn to cry
45%
EXIST Regret It
45%
LOVE ME RIGHT TENDER LOVE
45%
MAMA(EXO-K/EXO-M) Two Moons
45%
THE WAR What U do?
45%
The Power of Music Boomerang
41%
LOTTO Can’t Bring Me Down
41%
EX'ACT Cloud 9
41%
EXODUS HURT
41%
DON'T FIGHT THE FEELING Just as usual
41%
EXODUS Lady Luck
41%
XOXO (Kiss&Hug) Let Out The Beast
41%
Overdose (EXO-K/ EXO-M) Love, Love, Love
41%
MAMA(EXO-K/EXO-M) MACHINE
41%
EXODUS MY ANSWER
41%
DON'T FIGHT THE FEELING Paradise
41%
DON'T FIGHT THE FEELING Runaway
41%
DON'T MESS UP MY TEMPO Sign
41%
REVERXE Suffocate
41%
The Power of Music Sweet Lies
41%
Hey Mama! The One
41%
THE WAR Walk On Memories
41%
OBSESSION Baby You Are
36%
EXODUS BEAUTIFUL
36%
EXOLOGY chapter 1: The lost planet Beautiful(Suho)
36%
COUNTDOWN Cosmic Railway
36%
OBSESSION Day After Day
36%
THE WAR Diamond
36%
Love Me Right ~romantic universe~ Drop That (Japanese ver.)
36%
LOVE ME RIGHT FIRST LOVE
36%
Sing For You Girl x Friend
36%
OBSESSION Groove
36%
EXIST Love Fool
36%
DON'T FIGHT THE FEELING No matter
36%
LOTTO She’s Dreaming
36%
EX'ACT They Never Know
36%
THE WAR Touch It
36%
LOVE SHOT Trauma
36%
OBSESSION Trouble
36%
Universe Been Through
32%
Universe Fall
32%
GIRLS Ka-CHING!
32%
Blooming Days Lazy
32%
OBSESSION Non Stop
32%
EX'ACT One and Only
32%
Sing For You On the snow
32%
CBX's Japanese Digital Single Paper Cuts
32%
Blooming Days Playdate
32%
EX'ACT Stronger
32%
Sing For You Unfair
32%
EXIST Another Day
27%
THE WAR Chill
27%
EXO PLANET 5 - EXplOration Confession
27%
Other releases Dancing King
27%
Universe Good Night
27%
MAGIC Horololo
27%
What a life Just us 2
27%
Universe Lights Out
27%
Coming Over Run This
27%
DON'T MESS UP MY TEMPO Smile On My Face
27%
LOVE SHOT Wait
27%
For Life Winter Heat
27%
DON'T MESS UP MY TEMPO Bad Dream
23%
Japanese digital single BIRD
23%
Japanese digital single Bird (THE BEST Ver.)
23%
EXO PLANET 5 - EXplOration EXplOration
23%
EXOLOGY chapter 1: The lost planet I`m Lay (Lay)
23%
COUNTDOWN Lovin' You Mo'
23%
Blooming Days Monday Blues
23%
1 Billion views Rodeo station
23%
Coming Over TacTix
23%
1 Billion views Telephone
23%
EXOLOGY chapter 1: The lost planet The Lost Planet
23%
Blooming Days Thursday
23%
REVERXE Touch & Go
23%
EXOLOGY chapter 1: The lost planet Beat Maker(Sehun)
18%
EXOLOGY chapter 1: The lost planet Breakin` Machine (Xiumin)
18%
EXOLOGY chapter 1: The lost planet December, 2014 (The Winter`s Tale)
18%
EXOLOGY chapter 1: The lost planet Deep Breath(Kai)
18%
EXOLOGY chapter 1: The lost planet Delight (Chanyeol)
18%
EXOLOGY chapter 1: The lost planet Haka
18%
COUNTDOWN Into My World
18%
EXO PLANET 4 -The EℓyXiOn I See You
18%
1 Billion views Jet lag
18%
Hey Mama! Juliet
18%
EXOLOGY chapter 1: The lost planet Metal (Tao)
18%
1 Billion views Nothin
18%
What a life Roller coaster
18%
Universe Stay
18%
Blooming Days Sweet Dreams!
18%
EXOLOGY chapter 1: The lost planet Tell Me WhatIs Love (D.O.)
18%
EXOLOGY chapter 1: The lost planet Up Rising(Chen)
18%
EXO PLANET 4 -The EℓyXiOn We Young
18%
For Life What I Want For Christmas
18%
DON'T MESS UP MY TEMPO With You
18%
EXO PLANET 4 -The EℓyXiOn Beyond
14%
MAGIC CBX
14%
Hey Mama! Cherish
14%
EXO PLANET 5 - EXplOration Closer To You
14%
What a life Closer to you
14%
MAGIC Cry
14%
For Life Falling For You
14%
1 Billion views Fly Away
14%
GIRLS Girl Problems
14%
2025 SMTOWN : THE CULTURE, THE FUTURE Git It Up!
14%
Other releases Hope from KWANGYA
14%
1 Billion views On Me
14%
EXO PLANET 4 -The EℓyXiOn Psycho
14%
Blooming Days Vroom Vroom
14%
EXO PLANET 4 -The EℓyXiOn Years (Korean Ver.)
14%
What a life Borderline
9%
What a life Daydreamin'
9%
Other releases Dear My Family
9%
2022 Winter SMTOWN : SMCU PALACE Good To Be Alive
9%
2022 Winter SMTOWN : SMCU PALACE Happier
9%
2022 Winter SMTOWN : SMCU PALACE Hot & Cold
9%
GIRLS KING and QUEEN
9%
Hey Mama! Rhythm After Summer
9%
1 Billion views Say It
9%
MAGIC Shake
9%
2025 SMTOWN : THE CULTURE, THE FUTURE Thank You
9%
2022 Winter SMTOWN : SMCU PALACE The Cure
9%
MAGIC Watch Out
9%
GIRLS Diamond Crystal
5%
MAGIC Gentleman
5%
MAGIC In This World
5%
GIRLS Miss You
5%
MAGIC Off the Wall
5%
MAGIC Ringa Ringa Ring
5%
GIRLS Tornado Spiral
5%
No matching quizzes found
Score Distribution
Percent of People with Each Score
Percentile by Number Answered
Your Score History
You have not taken this quiz since the last reset